000 00475nam a2200181Ia 4500
001 5149
005 20260306145847.0
008 260306t1993||||xx |||||||||||||| ||spa||
041 _aESP
082 _a335.4309
_bB61
100 _aBlackburn, Robin (ed.)
_eAUT
245 0 _aDespués de la caída:
_bel fracaso del comunismo y el futuro del socialismo
260 _c1993
300 _a348 páginas :
_c20 cm.
650 _aGEN
654 _aCHU
942 _cLIB
_dJUS
_fJUS
_2ddc
_n
999 _c5149
_d5149